Zelená ekonomika možnosť udržateľného ekonomického rastu

Dôsledky globalizácie. Zmena klímy a hospodársky rast. Parížsky dohovor - budúcnosť po Kjótskom protokole. Parížska dohoda pre Slovensko.

Enregistré dans:
Détails bibliographiques
Auteur principal: Andrejovský, Pavol, 1975-
Format: Chapitre de livre
Langue:slovaque
Sujets:
Tags: Ajouter un tag
Pas de tags, Soyez le premier à ajouter un tag!

MARC

LEADER 00000nla a2200000 4500
001 0239433
005 20240502073859.0
041 0 |a slo 
044 |a SK 
245 1 0 |a Zelená ekonomika možnosť udržateľného ekonomického rastu  |c Pavol Andrejovský 
520 |a Dôsledky globalizácie. Zmena klímy a hospodársky rast. Parížsky dohovor - budúcnosť po Kjótskom protokole. Parížska dohoda pre Slovensko. 
610 2 0 |a rozvoj trvalo udržateľný 
610 2 0 |a rast hospodársky 
610 2 0 |a ochrana prostredia životného 
610 2 0 |a dohody medzinárodné 
610 2 0 |a organizácie medzinárodné 
610 2 0 |a globalizácia 
610 2 0 |a zmeny klimatické 
100 1 |a Andrejovský, Pavol, 1975-